| 000 | 00594nam a2200241Ia 4500 | ||
|---|---|---|---|
| 003 | OSt | ||
| 005 | 20221007101419.0 | ||
| 006 | a|||||r|||| 00| 0 | ||
| 007 | ta | ||
| 008 | 221006b |||||||| |||| 00| 0 eng d | ||
| 024 | _a6,416 | ||
| 037 | _cTextual | ||
| 040 |
_aLCO _cLCO _beng |
||
| 041 |
_2eng _aeng |
||
| 082 | _aX:8049, L4 | ||
| 100 |
_aRAO R V _9130788 |
||
| 245 | 0 | _aLabour Management relation. | |
| 260 |
_aDelhi _bD. K. Pub. House _c1974 |
||
| 300 | _a242 | ||
| 650 | _aLABOUR LAW | ||
| 942 |
_hX:8049, L4 _cTEXL |
||
| 999 |
_c1175979 _d1175979 |
||